Reducciones de plata y oro, a las leyes 11. diner y 22. quilat. valores de una y otra especie por marcos, onzas, ochav, tomin y gran como S. Mag. (que Dios guarde) lo manda en sus novissimas reales ordenanzas, expedidas en 1. de Agosto de 1750, Cuyas reducciones, y calores el Excmo. Sr. conde de RevillaGigedo. (Record no. 5639)

MARC details
000 -CABECERA
campo de control de longitud fija 01558nam a2200337 a 4500
001 - NÚMERO DE CONTROL
campo de control BRCA_5950
005 - FECHA Y HORA DE LA ÚLTIMA TRANSACCIÓN
campo de control 20190320205256.0
008 - DATOS DE LONGITUD FIJA--INFORMACIÓN GENERAL
campo de control de longitud fija 240311s1752----mx-ad#####---#000-0#spa-#
041 ## - CÓDIGO DE LENGUA
Código de lengua del texto/banda sonora o título independiente spa
044 ## - CÓDIGO DEL PAÍS DE LA ENTIDAD EDITORA/PRODUCTORA
Código MARC del país mx
050 #4 - SIGNATURA TOPOGRÁFICA DE LA BIBLIOTECA DEL CONGRESO
Número de clasificación HG3 870
Número de documento/Ítem .M7 B47
-- 1752
100 1# - ENTRADA PRINCIPAL--NOMBRE DE PERSONA
Nombre de persona Berdugc, Nicolas
9 (RLIN) 15027
245 10 - MENCIÓN DE TÍTULO
Título Reducciones de plata y oro, a las leyes 11. diner y 22. quilat. valores de una y otra especie por marcos, onzas, ochav, tomin y gran como S. Mag. (que Dios guarde) lo manda en sus novissimas reales ordenanzas, expedidas en 1. de Agosto de 1750, Cuyas reducciones, y calores el Excmo. Sr. conde de RevillaGigedo.
260 ## - PUBLICACIÓN, DISTRIBUCIÓN, ETC.
Lugar de publicación, distribución, etc. México
Nombre del editor, distribuidor, etc. IMP. de Doña María de Rivera
Fecha de publicación, distribución, etc. 1752
300 ## - DESCRIPCIÓN FÍSICA
Extensión 324 p.
Dimensiones 15 cm.
500 ## - NOTA GENERAL
Nota general Dedicatoria al Sr. D. Pedro de Núñez de Villavicencio, Juez Superintendente de la Real Casa de Moneda de México; contiene fe de erratas y prólogo.
500 ## - NOTA GENERAL
Nota general Fondo antiguo
500 ## - NOTA GENERAL
Nota general Se encuentra en Caja Fuerte
500 ## - NOTA GENERAL
Nota general H-149
500 ## - NOTA GENERAL
Nota general Incluye tablas
500 ## - NOTA GENERAL
Nota general Incluye índice de tablas
500 ## - NOTA GENERAL
Nota general Con Ex-libris de: Franz Mayer
500 ## - NOTA GENERAL
Nota general Estado fisico: La encuadernación en piel pergamino se encuentra desprendida del lomo, la página 70 presenta una rotura
500 ## - NOTA GENERAL
Nota general En la anteportada se localiza una firma de A. G.
506 0# - NOTA DE RESTRICCIONES AL ACCESO
Limitaciones de acceso Fondo reservado: para su consulta es necesario credencial de usuario y carta de motivos
650 14 - PUNTO DE ACCESO ADICIONAL DE MATERIA--TÉRMINO DE MATERIA
Término de materia o nombre geográfico como elemento de entrada Cambio Internacional
Subdivisión de forma Tablas
9 (RLIN) 15028
650 14 - PUNTO DE ACCESO ADICIONAL DE MATERIA--TÉRMINO DE MATERIA
Término de materia o nombre geográfico como elemento de entrada Dinero
9 (RLIN) 14801
650 14 - PUNTO DE ACCESO ADICIONAL DE MATERIA--TÉRMINO DE MATERIA
Término de materia o nombre geográfico como elemento de entrada Monedas mexicanas
Subdivisión general Historia
9 (RLIN) 670
902 ## - CATALOGADOR
Iniciales LAR
942 ## - ELEMENTOS DE PUNTO DE ACCESO ADICIONAL (KOHA)
Fuente del sistema de clasificación o colocación Library of Congress Classification
Tipo de ítem Koha Libros
Holdings
Estado de retiro Estado de pérdida Estado dañado No para préstamo Localización permanente Ubicación/localización actual Fecha de adquisición Número de inventario Total de préstamos Signatura topográfica completa Código de barras Fecha visto por última vez Precio válido a partir de Tipo de ítem Koha
El ejemplar forma parte de la colección y puede ser consultado según las políticas vigentes.       Biblioteca del Museo Franz Mayer (Rogerio Casas-Alatriste) Biblioteca del Museo Franz Mayer (Rogerio Casas-Alatriste) 24/03/2011 H-149   HG3 870 .M7 B47 1752 (H-149) LAR00007 22/03/2019 22/03/2019 Libros